000 00797nac a22002417a 4500
001 BR7601290
003 BR-BrBNA
005 20240105113927.0
008 230509b bl.|||m| |||| 00| 0 por d
040 _aBR-BrBNA
_bpor
_cBiblioteca Nacional de Agricultura
072 _aM10
090 _a8490 BR7601290
110 1 _aPrograma de Pesquisa e Desenvolvimento Pesqueiro do Brasil, Rio de Janeiro, RJ
_97973
245 1 _aPesca exploratoria e comercial simulada de vieiras [Brasil]
260 3 _aRio de Janeiro, RJ (Brasil):
_c1975.
300 _a3 p.
490 _aNavio de Pesquisa Diadorim. Relatorio do Cruzeiro (Brazil)
_vno. 7
_x
650 _aPESCA EXPLORATORIA
650 _aMOLUSCO
650 _aCAPTURA
909 _a202312
_bLúcia Elande
_c55
_dLúcia Elande
942 _2AGRIS
_n0
_cMS
999 _c266391
_d266391